Modern Talking - In the Middle of Nowhere - Statistics

General Stats
  • This quiz has been taken 17 times
  • The average score is 8 of 10
Answer Stats
Lyrics Song % Correct
I wanna share my dreams Wanna share with you On the wings of love Like dreamers do Touch your heart You're the queen of broken hearts Geronimo's Cadillac
100%
Tonight did what it means to be so young When two hearts are beatin' just as one Our love can't go alone long way There is nothing left for me to say Lonely tears in Chinatown
85%
You're hunting me Winning games of the night I see Loving you such is such a thrill You make me feel You're hunting me In shaire
77%
Got a date, babe With an angel With a hot child of the city Follow all your shadows in the night Princess of the night
77%
Albatross, show me a dream of love Albatross, without her love I'm lost Good love never dies Angels never fly so high Stranded in the middle of nowhere
77%
Smoke from a distance Fire burning me Oh, babe, the heaven can't wait I need these hints I'm feeling, my heart is appealing Sweet little Sheila
77%
You're breaking my paradise Hearing the echo cry Don't be a thief who's stealing hearts Dreamland in night-cafe You will never find your way Ten thousand lonely drums
77%
I'm half a million miles from home And the fire and mountains ain't coming tonight To my dreams Don't let the stars get in your eyes And a lonely dreamer is cryin' tonight The angels sing in New York City
77%
Be a dreamer, be a fool Come and break all this rules Better late than never done For the children, we need a home Give me peace on Earth
62%
Secret message for a rendez-vous Distant fire it's hurting you It's so sad Good love go's bad Tears of love will make me sad Riding on a white swan
62%
No matching quizzes found
Score Distribution
Percent of People with Each Score
Percentile by Number Answered
Your Score History
You have not taken this quiz